LDR 01371nam a2200253 i 4500 001 000000079250 003 CaOOAMICUS 005 20260316144243.0 008 170405s1997 it u000 u eng u 040 $aSeMil$bita 100 1 $aCushley, Leo William,$c
.$0(OLS)http://semarc/name/91197 245 10$aEucharistic communicatio in sacris :$bthe present legislation in the light of juridical and historical precedents /$cauctore Leo W. Cushley. 264 1$aRomae :$b[s.n.],$c1997. 300 $aIV, 101 p. ;$c24 cm. 500 $aIn mezzo al front.: Excerpta ex Dissertatione ad doctorandum in Facultate iuris canonici Pontificiae univeritatis gregorianae 650 4$aTesi di laurea - Estratti.$0(OLS)http://semarc/subject/58988 650 4$aCommunicatio in sacris.$0(OLS)http://semarc/subject/45157 710 2 $aPontificia Università Gregoriana
: Facoltà di Diritto Canonico.$0(OLS)http://semarc/name/87290 850 $aSeMil 852 $aSeMil$W1$xVenegono$y1$m4Z I 78$j268569$B44990$CSeMilBibl$Z2$F46846 $81 961 $aLascito: Coronelli don Renato 996 $6245$aEucharistic communicatio in sacris :$bthe present legislation in the light of juridical and historical precedents$9(OLS)http://semarc/title/403244 996 $6264$aRomae :$b[s.n.]$9(OLS)http://semarc/publisher/29812